Historia económica y social de la Edad Media (Registro nro. 73741)

Detalles MARC
000 -ENCABEZADO
Número de control [NR] 00944nam a2200265Ia 4500
008 - DE LONGITUD FIJA DE DATOS DE ELEMENTOS - INFORMACIÓN GENERAL
Elementos de longitud fija [NR] 130821s1947 mx gr spa
040 ## - FUENTE DE CATALOGACION [NR]
Agencia de catalogación original [NR] Co-BoUCM
Idioma de catalogación [NR] spa
041 00 - CODIGO DE IDIOMA [R]
Código de idioma para texto/pista de sonido o título separado [R] Español
100 1# - ASIENTO PRINCIPAL--NOMBRE PERSONAL [NR]
Nombre personal [NR] Pirenne, Henri
ID Autoridad 38134
245 10 - MENCION DE TITULO [NR]
Título [NR] Historia económica y social de la Edad Media
Mención de responsabilidad, etc. [NR] Henri Pirenne ; traducción de Salvador Echavarría
250 ## - MENCION DE EDICION [NR]
Mención de edición [NR] 4a ed.
260 ## - PUBLICACION, DISTRIBUCION, ETC. (PIE DE IMPRENTA) [R]
Lugar de publicación, distribución, etc. [R] México D.F. (México)
Nombre del editor, distribuidor, etc. [R] Fondo de Cultura Económica
Fecha de publicación, distribución, etc. [R] 1947
300 ## - DESCRIPCION FISICA [R]
Extensión [R] 272 páginas
500 ## - NOTA GENERAL [R]
Nota general [NR] Donación Dr. Álvaro Daza Roa.
504 ## - NOTA DE BIBLIOGRAFIA, ETC. [R]
Nota de bibliografía, etc. [NR]
650 ## - ASIENTO SECUNDARIO DE MATERIA - TERMINO TEMATICO [R]
Término temático o nombre geográfico como elemento de entrada [NR] Bienestar social
9 (RLIN) 10081
650 ## - ASIENTO SECUNDARIO DE MATERIA - TERMINO TEMATICO [R]
Término temático o nombre geográfico como elemento de entrada [NR] Comercio
Subdivisión general [R] Economía
Subdivisión cronológica [R] Edad Media
9 (RLIN) 11192
650 ## - ASIENTO SECUNDARIO DE MATERIA - TERMINO TEMATICO [R]
Término temático o nombre geográfico como elemento de entrada [NR] Economía
9 (RLIN) 174
650 ## - ASIENTO SECUNDARIO DE MATERIA - TERMINO TEMATICO [R]
Término temático o nombre geográfico como elemento de entrada [NR] Historia económica
Subdivisión cronológica [R] Edad Media
9 (RLIN) 173
650 ## - ASIENTO SECUNDARIO DE MATERIA - TERMINO TEMATICO [R]
Término temático o nombre geográfico como elemento de entrada [NR] Historia universal
9 (RLIN) 16951
700 1# - ASIENTO SECUNDARIO - NOMBRE PERSONAL [R]
Nombre personal [NR] Pirenne, Henri
9 (RLIN) 38134
765 0# - ASIENTO DE IDIOMA ORIGINAL [R]
Título [NR] Histoire Economique et sociale du Moyen-Age
942 ## - ELEMENTOS DE ENTRADA AGREGADOS (KOHA)
Tipo de ítem principal el descrito en 300a Libro
Tema principal Economía
Edición 4
Parte restante de la signatura top. P47h
Sistema de clasificación DEWEY
Clasificación 330.9
Existencias
Fecha de último préstamo Signatura topográfica Código de barras Última vez visto Volúmen / Fascículo Ejemplar Price effective from Tipo de ítem Perdido Sistema de clasificación Dañado No prestable Tipo de ítem específico Suprimido Ubicación habitual Ubicación actual Localización Fecha de creación Forma de adquisición Costo
13/07/2011 FAD 330.9 P47h 100113946 09/05/2018 4a. Ed. Ej.1 03/02/2013 Libro   DEWEY     Fondos especiales     Archivo Histórico Archivo histórico 30/09/2011 Donación 26000.00